| 000 | 01132nam0a22003011 4500 | ||
|---|---|---|---|
| 001 | RU\INFOCOMM_322\NLR\5000152411 | ||
| 005 | 20260406084031.0 | ||
| 035 | _a(NLR Aleph) 009526842 | ||
| 090 |
_a8862334 _c8862334 |
||
| 100 | _a20130205d1965 |||y0rusy50 ca | ||
| 101 | 1 |
_aeng _crus |
|
| 102 | _aRU | ||
| 105 | _ay z ||||| | ||
| 200 | 1 |
_aVladimir Ilyich Lenin _eA biography _e[Transl. from the Russ. |
|
| 210 |
_aM. _c"Progress" _d1965 |
||
| 215 |
_a592 с.; 23 л. ил., портр. _cил., портр. _d22 см |
||
| 300 | _aНа обороте тит. л. авт.: P. N. Pospelov (ed.), V. Y. Yevgrafov, V. Y. Zevin [и др.] | ||
| 300 | _aНа обороте тит. л.: В. И. Ленин. Биография | ||
| 620 | _aМосква | ||
| 686 |
_aМ-Л350 _2rubbk |
||
| 701 | 1 |
_7ba _8rus _aPospelov _bP. N. _f1898-1979 _gPetr Nikolaevič _3RU\NLR\AUTH\770278702 _92650669 |
|
| 702 | 1 |
_4570 _8rus _7ba _aLenin _bV. I. _f1870-1924 _gVladimir Il'ič _3RU\NLR\AUTH\7781360 _964288 |
|
| 801 | 1 |
_aRU _bInfocomm _c20130205 |
|
| 801 | 0 |
_aRU _bINFOCOMM _gPSBO |
|
| 852 |
_aNLR _jМ21 Г-5/27 |
||
| 942 | _cBOOK | ||
| 980 | _aNB | ||